Report of the Advisory Committee Appointed Under Minimum Wages Act, 1948 for Stone Breaking and Stone Crushing (Record no. 489610)

000 -LEADER
fixed length control field 00456cam a22001097a 4500
008 - FIXED-LENGTH DATA ELEMENTS--GENERAL INFORMATION
fixed length control field 180718b1948 xxu||||| |||| 00| 0 eng d
082 ## - DEWEY DECIMAL CLASSIFICATION NUMBER
Classification number R23x5422 M264S
100 ## - MAIN ENTRY--PERSONAL NAME
Personal name Madhya Pradesh. Advisory Committee Appointed Under Minimum Wages Act, 1948 for Stone Breaking and Stone Crushing
245 ## - TITLE STATEMENT
Title Report of the Advisory Committee Appointed Under Minimum Wages Act, 1948 for Stone Breaking and Stone Crushing
260 ## - PUBLICATION, DISTRIBUTION, ETC.
Place of publication, distribution, etc. Indore
Name of publisher, distributor, etc. The author
Date of publication, distribution, etc. 1948
300 ## - PHYSICAL DESCRIPTION
Extent 9p
Holdings
Withdrawn status Lost status Damaged status Not for loan Permanent Location Current Location Date acquired Full call number Barcode Date last seen Price effective from Koha item type
        Indian Institute of Public Administration Indian Institute of Public Administration 2018-08-04 R23x5422 M264S GG1475 2018-08-04 2018-08-04 GG

Powered by Koha